000 00365nam a2200133Ia 4500
008 230125s9999 xx 000 0 und d
041 _aeng
082 _a658.838
_bJAI
100 _aJain S
_9115792
245 _aMarketing Research
260 _c2010
_bSymbiosis centre for distance learning
_aPune
300 _a328p
700 _aJain S & Nandini Madan, Donor
_9115793
999 _c93596
_d93596